000 00731cam a22002294a 4500
001 15748348
005 20180202070710.0
008 090522s2009 kyua s001 0 eng
010 _a 2009020810
020 _a9780813125572 (hardcover : alk. paper)
040 _aDLC
_cDLC
_dDLC
041 _aeng
043 _an-us-ky
080 _a811..540809769 JEF
082 0 0 _a811..540809769 JEF
_222
100 _a22
101 _aGJU
245 0 0 _aWhat comes down to us :
_cedited by Jeff Worley ; foreword by Ed McClanahan.
906 _a7
_bcbc
_corignew
_d1
_eecip
_f20
_gy-gencatlg
942 _2ddc
_cBK
999 _c41634
_d41634